| 000 | 00863nam a22002057a 4500 | ||
|---|---|---|---|
| 003 | BUBTL | ||
| 008 | 211130b ||||| |||| 00| 0 eng d | ||
| 020 | _a9789848015288 | ||
| 082 | _a954.925/ H2733b/ 2018 | ||
| 100 |
_93866 _aহাসিনা, শেখ |
||
| 245 |
_aবিশ্ব প্রামান্য ঐতিহ্যে বঙ্গবন্ধুর ভাষণ / _cশেখ হাসিনা |
||
| 250 | _a1st Edn. | ||
| 260 |
_aঢাকা: _bরাবেয়া বুকস্, _cc2018 |
||
| 300 |
_a351 p.: _c23 cm. |
||
| 505 | _aবিশ্ব প্রামান্য ঐতিহ্যে বঙ্গবন্ধুর ভাষণ, বঙ্গবন্ধু, Bangabandhu | ||
| 650 | 0 |
_93574 _aবঙ্গবন্ধু |
|
| 856 |
_k0 _l0 _yDownload |
||
| 942 |
_2ddc _cBK |
||
| 999 |
_c6587 _d6587 |
||